Toulavé džípy
| Titel: | Toulavé džípy : poslední dny války v Čechách v květnu 1945 / Jindřich Marek |
|---|---|
| Verfasser: | |
| Veröffentlicht: | Cheb : SK, 2025 |
| Umfang: | 255 Seiten : Illustrationen, Porträts, Karten ; 24 cm |
| Format: | Buch |
| Sprache: | Tschechisch |
| ISBN: | 9788075731548 |
| Hinweise zum Inhalt: |
Literaturverzeichnis
Cover Abstract Inhaltsverzeichnis |
alg: 54320308 001A $03004:25-03-26 001B $01999:27-03-26 $t12:28:36.000 001D $03004:25-03-26 001U $0utf8 001X $00 002@ $0Aau 002C $aText $btxt $2rdacontent 002D $aohne Hilfsmittel zu benutzen $bn $2rdamedia 002E $aBand $bnc $2rdacarrier 003@ $0543203085 004A $A978-80-7573-154-8 006C $01535331918 $aOCoLC 007A $0BV050345072 $aBVB 007G $0 009P $qapplication/pdf $3Literaturverzeichnis $uhttps://bvbr.bib-bvb.de:443/F?func=service&doc_library=BVB01&local_base=BVB01&doc_number=035678036&sequence=000003&line_number=0002&func_code=DB_RECORDS&service_type=MEDIA $mDigitalisierung BSB München 19 - ADAM Catalogue Enrichment 009P $qapplication/pdf $A2 $3Cover $uhttp://scans.hebis.de/HEBCGI/show.pl?54320308_cov.pdf $mV:DE-603;B:DE-Mb50 009P $qapplication/pdf $A2 $3Abstract $uhttp://scans.hebis.de/HEBCGI/show.pl?54320308_sum.pdf $mV:DE-603;B:DE-Mb50 009P $qapplication/pdf $A2 $3Inhaltsverzeichnis $uhttp://scans.hebis.de/HEBCGI/show.pl?54320308_toc.pdf $mV:DE-603;B:DE-Mb50 010@ $acze 010E $erda 011@ $a2025 $n2025 021A $aToulavé džípy $dposlední dny války v Čechách v květnu 1945 $hJindřich Marek 027A $aPoslední dny války v Čechách v květnu 1945 028A $BVerfasser $4aut $7136648290 $8Marek, Jindřich$Z1952- [Tp3] $9206822057 033A $pCheb $nSK 034D $a255 Seiten 034I $a24 cm 034M $aIllustrationen, Porträts, Karten 037A $aQuellen- und Literaturverzeichnis Seite 246-252 037A $aAuf dem Buchrücken: 358 044K $qBVB $RBöhmische Länder $RČeská SR $RTschechoslowakei $#Tschechien $#Tschechische Republik $#Tschechien $#Tschechische Republik $#Tschechenland $#Tschechei Tschechien $#Česká Republika $#Czech Republic $#ČR $74303381-7 $8Tschechien [Tg1] $9086659812 044K $qBVB $RWeltkrieg $#World War, 1939-1945 $#Guerre mondiale (1939-1945) $#Weltkrieg 1939-1945 $#2. Weltkrieg $#Weltkrieg 2 $#II. Weltkrieg $#Weltkrieg II $74079167-1 $8Zweiter Weltkrieg [Tsz] $9085224618 044K $qBVB $RUnited States $RUSA $#USA, U.S. Army $#U.S. Army $#USA, United States Army $#United States Army $#Army USA $#USA, Armed Forces $#Armed Forces USA $#USA, Secretary of the Army $#Secretary of the Army USA $72188-X $8USA$bArmy [Tb1] $9040153444 044K $#Befreiung $#Befreiung $74124630-5 $8Befreiung [Ts1] $9085416754 045F $a355.009437109044 $eDDC22BSB 045F/01 $a355.009 045F/03 $f09044 045F/03 $g4371 045R $aGeschichte 1945 045T $aOST $qDE-12 $2FID 047I $aDuben a květen 1945: průběh osvobození jihozápadní části Čech americkou armádou a příběhy vojáků i džípů, které se podíleli na těchto operacích lok: 54320308 24 exp: 54320308 24 1 #EPN 201B/01 $025-03-26 $t14:27:44.000 201C/01 $013-08-25 201U/01 $0utf8 203@/01 $01316008754 208@/01 $a03-09-25 $bz 209A/01 $a25.04573 $du $f050 $h25 04573 $x00 209C/01 $a25.04573 K $h25 04573 K 209G/01 $a75092890 $x00 220C/01 $akon 247C/01 $8358050-7Marburg, Bibliothek des Herder-Instituts Marburg $9102600961
| LEADER | 00000cam a2200000 c 4500 | ||
|---|---|---|---|
| 001 | 543203085 | ||
| 003 | DE-603 | ||
| 005 | 20260327122836.0 | ||
| 007 | tu | ||
| 008 | 260325s2025 xx |||| | u00||u|cze c | ||
| 020 | |a 9788075731548 | ||
| 035 | |a (DE-599)BVBBV050345072 | ||
| 040 | |a DE-603 |b ger |c DE-603 |d DE-603 |e rda | ||
| 041 | |a cze | ||
| 082 | 0 | 4 | |8 1\u |a 355.009437109044 |q DE-101 |2 22/BSB |
| 084 | |a OST |q DE-12 |2 fid | ||
| 085 | |8 1\u |b 355.009 | ||
| 085 | |8 1\u |z 1 |s 09044 | ||
| 085 | |8 1\u |z 2 |s 4371 | ||
| 100 | 1 | |a Marek, Jindřich |d 1952- |e Verfasser |4 aut |0 (DE-603)206822057 |0 (DE-588)136648290 |2 gnd | |
| 245 | 0 | 0 | |a Toulavé džípy |b poslední dny války v Čechách v květnu 1945 |c Jindřich Marek |
| 246 | 1 | 3 | |a Poslední dny války v Čechách v květnu 1945 |
| 264 | 1 | |a Cheb |b SK |c 2025 | |
| 300 | |a 255 Seiten |b Illustrationen, Porträts, Karten |c 24 cm | ||
| 336 | |a Text |b txt |2 rdacontent | ||
| 337 | |a ohne Hilfsmittel zu benutzen |b n |2 rdamedia | ||
| 338 | |a Band |b nc |2 rdacarrier | ||
| 500 | |a Quellen- und Literaturverzeichnis Seite 246-252 | ||
| 500 | |a Auf dem Buchrücken: 358 | ||
| 520 | |a Duben a květen 1945: průběh osvobození jihozápadní části Čech americkou armádou a příběhy vojáků i džípů, které se podíleli na těchto operacích | ||
| 610 | 1 | 7 | |a USA |b Army |2 gnd |0 (DE-588)2188-X |0 (DE-603)040153444 |
| 648 | 7 | |a Geschichte 1945 |2 gnd | |
| 650 | 7 | |a Zweiter Weltkrieg |0 (DE-588)4079167-1 |0 (DE-603)085224618 |2 gnd | |
| 650 | 7 | |a Befreiung |0 (DE-588)4124630-5 |0 (DE-603)085416754 |2 gnd | |
| 651 | 7 | |a Tschechien |0 (DE-588)4303381-7 |0 (DE-603)086659812 |2 gnd | |
| 856 | 4 | 2 | |m Digitalisierung BSB München 19 - ADAM Catalogue Enrichment |q application/pdf |u https://bvbr.bib-bvb.de:443/F?func=service&doc_library=BVB01&local_base=BVB01&doc_number=035678036&sequence=000003&line_number=0002&func_code=DB_RECORDS&service_type=MEDIA |3 Literaturverzeichnis |
| 856 | 4 | 2 | |m V:DE-603;B:DE-Mb50 |q application/pdf |u http://scans.hebis.de/HEBCGI/show.pl?54320308_cov.pdf |3 Cover |
| 856 | 4 | 2 | |m V:DE-603;B:DE-Mb50 |q application/pdf |u http://scans.hebis.de/HEBCGI/show.pl?54320308_sum.pdf |3 Abstract |
| 856 | 4 | 2 | |m V:DE-603;B:DE-Mb50 |q application/pdf |u http://scans.hebis.de/HEBCGI/show.pl?54320308_toc.pdf |3 Inhaltsverzeichnis |
| 924 | 0 | |9 Mb 50 |a (DE-603)1316008754 |b DE-Mb50 |c HES |d c |g 25.04573 | |


